Planning and urban design standards / (Record no. 329633)

000 -LEADER
fixed length control field 01519cam a22003494a 4500
001 - CONTROL NUMBER
control field 14303776
003 - CONTROL NUMBER IDENTIFIER
control field NUST
005 - DATE AND TIME OF LATEST TRANSACTION
control field 20170516124944.0
008 - FIXED-LENGTH DATA ELEMENTS--GENERAL INFORMATION
fixed length control field 060317s2007 njuab b 001 0 eng
010 ## - LIBRARY OF CONGRESS CONTROL NUMBER
LC control number 2006009368
020 ## - INTERNATIONAL STANDARD BOOK NUMBER
International Standard Book Number 9780471760900 (pbk.)
020 ## - INTERNATIONAL STANDARD BOOK NUMBER
International Standard Book Number 0471760900 (pbk.)
040 ## - CATALOGING SOURCE
Original cataloging agency DLC
Transcribing agency DLC
Modifying agency DLC
042 ## - AUTHENTICATION CODE
Authentication code pcc
050 00 - LIBRARY OF CONGRESS CALL NUMBER
Classification number TH2031
Item number .S74 2007
082 00 - DEWEY DECIMAL CLASSIFICATION NUMBER
Classification number 711 STE
Edition number 22
100 1# - MAIN ENTRY--PERSONAL NAME
Personal name Steiner, Frederick R.
9 (RLIN) 897
245 10 - TITLE STATEMENT
Title Planning and urban design standards /
Statement of responsibility, etc. Frederick Steiner , Kent Butler , American Planning Association ; Emina Sendich, graphics editor.
250 ## - EDITION STATEMENT
Edition statement Student ed.
260 ## - PUBLICATION, DISTRIBUTION, ETC.
Place of publication, distribution, etc. Hoboken, N.J. :
Name of publisher, distributor, etc. J. Wiley,
Date of publication, distribution, etc. c2007.
300 ## - PHYSICAL DESCRIPTION
Extent xii, 436 p. :
Other physical details ill., maps ;
Dimensions 29 cm.
440 #0 - SERIES STATEMENT/ADDED ENTRY--TITLE
Title Wiley graphic standards
9 (RLIN) 898
504 ## - BIBLIOGRAPHY, ETC. NOTE
Bibliography, etc. note Includes bibliographical references (p. 415-429) and index.
650 #0 - SUBJECT ADDED ENTRY--TOPICAL TERM
Topical term or geographic name entry element Building
General subdivision Details
Form subdivision Drawings.
9 (RLIN) 899
650 #0 - SUBJECT ADDED ENTRY--TOPICAL TERM
Topical term or geographic name entry element Building
General subdivision Details
Form subdivision Drawings
General subdivision Standards.
9 (RLIN) 900
700 1# - ADDED ENTRY--PERSONAL NAME
Personal name Butler, Kent S.
9 (RLIN) 901
710 2# - ADDED ENTRY--CORPORATE NAME
Corporate name or jurisdiction name as entry element American Planning Association.
9 (RLIN) 902
856 41 - ELECTRONIC LOCATION AND ACCESS
Materials specified Table of contents only
Uniform Resource Identifier <a href="http://www.loc.gov/catdir/toc/ecip0610/2006009368.html">http://www.loc.gov/catdir/toc/ecip0610/2006009368.html</a>
856 42 - ELECTRONIC LOCATION AND ACCESS
Materials specified Contributor biographical information
Uniform Resource Identifier <a href="http://www.loc.gov/catdir/enhancements/fy0740/2006009368-b.html">http://www.loc.gov/catdir/enhancements/fy0740/2006009368-b.html</a>
856 42 - ELECTRONIC LOCATION AND ACCESS
Materials specified Publisher description
Uniform Resource Identifier <a href="http://www.loc.gov/catdir/enhancements/fy0740/2006009368-d.html">http://www.loc.gov/catdir/enhancements/fy0740/2006009368-d.html</a>
906 ## - LOCAL DATA ELEMENT F, LDF (RLIN)
a 7
b cbc
c orignew
d 1
e ecip
f 20
g y-gencatlg
942 ## - ADDED ENTRY ELEMENTS (KOHA)
Source of classification or shelving scheme
Koha item type Book
Holdings
Withdrawn status Lost status Source of classification or shelving scheme Damaged status Not for loan Permanent Location Current Location Date acquired Total Checkouts Full call number Barcode Date last seen Date last checked out Price effective from Koha item type
          School of Civil and Environmental Engineering (SCEE) School of Civil and Environmental Engineering (SCEE) 05/16/2017 1 711 STE NIT-7542 02/10/2022 02/04/2022 05/16/2017 Book
© 2023 Central Library, National University of Sciences and Technology. All Rights Reserved.